Logo BPK

Biblioteka

Politechniki Koszalińskiej

Trzeciorzędowe osady glaukonitowe na Wyżynie Lubelskiej w świetle geochronologii izotopowej glaukonitu : (Rekord nr 30282)

Szczegóły MARC
000 -ETYKIETA REKORDU
podpole kontrolne o stałej długości 00845nam a2200229 i 4500
001 - NUMER KONTROLNY REKORDU
pole kontrolne bg
040 ## - ŹRÓDŁO KATALOGOWANIA
Instytucja, która utworzyła rekord BPK
041 0# - KOD JĘZYKA
Kod języka tekstu pl
080 ## - UNIWERSALNA KLASYFIKACJA DZIESIĘTNA - UKD
UKD 551.7:549
008 - POLE O STAŁEJ DŁUGOŚCI - DANE KONTROLNE
podpole kontrolne o stałej długości s pl f |000 0 pol
100 1# - NAZWA OSOBOWA
Nazwa osobowa KRZOWSKI, Zdzisław
245 10 - TYTUŁ/ODPOWIEDZIALNOŚĆ
Tytuł Trzeciorzędowe osady glaukonitowe na Wyżynie Lubelskiej w świetle geochronologii izotopowej glaukonitu :
Ciąg dalszy tytułu praca habilitacyjna /
Pozostałe elementy strefy tytułu i oznaczenia odpowiedzialności Zdzisław Krzowski.
260 ## - STREFA ADRESU WYDAWNICZEGO
Miejsce wydania Lublin :
Nazwa wydawcy/dystrybutora Wydaw. Uczelniane PL,
Data publikacji, dystrybucji/powstania dokumentu 1993.
300 ## - STREFA OPISU FIZYCZNEGO
Objętość 171 s., [12] k. tabl. fot. :
Inne cechy fizyczne rys., mapy ;
Rozmiary 24 cm.
490 1# - STREFA SERII I DOKUMENTU WIELOCZĘŚCIOWEGO - FORMA NIE DO WYSZUKIWANIA
Tytuł i oznaczenie odpowiedzialności serii Prace Naukowe Politechniki Lubelskiej. Budownictwo,
ISSN 0860-8636 ;
Numeracja w obrębie serii 42
500 ## - UWAGI OGÓLNE
Tekst uwagi Numeracja ser. gł. : 231.
504 ## - UWAGA DOTYCZĄCA BIBLIOGRAFII
Informacje o bibliografii Bibliogr. s. 155-169.
650 #9 - HASŁO PRZEDMIOTOWE W FORMIE NAZWY OGÓLNEJ LUB JEDNOSTKOWEJ
Nazwa ogólna lub geograficzna Geologia historyczna
650 #9 - HASŁO PRZEDMIOTOWE W FORMIE NAZWY OGÓLNEJ LUB JEDNOSTKOWEJ
Nazwa ogólna lub geograficzna Glaukonit
Określnik ogólny badanie
830 #0 - HASŁO DODATKOWE SERII LUB DOKUMENTU WIELOCZĘŚCIOWEGO - TYTUŁ UJEDNOLICONY
Tytuł ujednolicony Prace Naukowe Politechniki Lubelskiej.
Nazwa części/sekcji dzieła Budownictwo ;
Oznaczenie tomu 42
856 ## - LOKALIZACJA I DOSTĘP DO ELEKTRONICZNYCH DOKUMENTÓW ZDALNYCH
Link (URL) http://koha.tu.koszalin.pl/cgi-bin/koha/opac-detail.pl?biblionumber=30282
Tekst linku Katalog online BPK
942 ## - DODATKOWE ELEMENTY (KOHA)
Typ dokumentu Książka
Egzemplarze
Wycofany Status egzemplarza Uszkodzony Dostępność Lokalizacja stała Lokalizacja bieżąca Miejsce przechowywania Sygnatura Kod kreskowy Typ dokumentu
      Dostępny Biblioteka Politechniki Koszalińskiej Biblioteka Politechniki Koszalińskiej Wypożyczalnia BG 36923 01605846 Książka
© 2023 Biblioteka Politechniki Koszalińskiej :: KOHA